000 00730nam a2200241 a 4500
001 BRCA_7458
005 20190320205838.0
008 120413s1940----mx-a######---#000-0#spa-#
041 _aspa
044 _amx
050 4 _aHD9834
_b.L46 1940
100 1 _aLenz, Hanz
_918363
245 1 0 _aLa industria papelera en México
_bbosquejo histórico
_cpor Hanz Lenz y Federico Gómez de Orozco.
260 _aMéxico
_bCultura
_c1940
300 _a126 p.
_bil., láminas
500 _aEdición con cantos dorados
500 _aDedicatoria del autor al Sr. Franz Mayer
500 _aQ214
650 1 4 _aPapel
_xFabricación y comercio
_97369
700 1 _aGómez de Orozco, Federico
_ecoaut.
_93854
902 _aGFM
942 _2lcc
_cB
999 _c7134
_d7134